000 00708nam a2200289Ia 4500
005 20260324141545.0
008 008 260324s9999 xx 000 0 eng d
020 _a9780429235924
037 _aEBOOK
040 _aCRL
040 _beng
040 _cCRL
041 _2eng
041 _aeng
084 _qCRL
100 _aFelix M. Padilla
_91208632
245 4 _aThe Struggle of Latino/Latina University Students
245 0 _bIn Search of a Liberating Education
260 _bTaylor and Francis
260 _c1997
365 _a
365 _b70.99
856 _uhttp://www.taylorfrancis.com/books/9780429235924
942 _cEBOOK
999 _c1811859
_d1811859